[Event "Mundial Juvenil 2005 s16"]
[Site "Belfort FRA"]
[Date "2005.07.22"]
[Round "4.5"]
[White "Edouard, Romain"]
[Black "Barnett, Alexander"]
[Result "0-1"]
[WhiteElo "2334"]
[BlackElo "2193"]
[PlyCount "48"]
[EventDate "2005.07.19"]
[EventType "swiss"]
[EventRounds "11"]
[EventCountry "FRA"]
[Source "lmi"]
[SourceDate "2005.07.31"]

1. e4 c5 2. Nf3 e6 3. d4 cxd4 4. Nxd4 a6 5. Bd3 Bc5 6. Nb3 Ba7 7. Qg4 Nf6 8.
Qg3 d6 9. Nc3 h5 10. Bg5 Nc6 11. O-O-O Qc7 12. Bf4 Ke7 13. Bxa6 e5 14. Qxg7
exf4 15. Qxh8 Nb4 16. Bb5 Bxf2 17. a3 Be3+ 18. Kb1 Rb8 19. Qh6 Be6 20. Rhe1
Nxe4 21. axb4 Nxc3+ 22. bxc3 Qxc3 23. Qh7 Bxb3 24. Qd3 Ba2+ 0-1

[Event "Mundial Juvenil 2005 s16"]
[Site "Belfort FRA"]
[Date "2005.07.22"]
[Round "4.10"]
[White "Goginenni, Rohith"]
[Black "Lemos, Damian"]
[Result "1-0"]
[WhiteElo "2387"]
[BlackElo "2284"]
[PlyCount "153"]
[EventDate "2005.07.19"]
[EventType "swiss"]
[EventRounds "11"]
[EventCountry "FRA"]
[Source "lmi"]
[SourceDate "2005.07.31"]

1. e4 e6 2. d4 d5 3. Nc3 Bb4 4. e5 b6 5. Qg4 Bf8 6. Nf3 Qd7 7. Bd3 Ba6 8. O-O
Ne7 9. Ne2 Nf5 10. Bxa6 Nxa6 11. Ng3 g6 12. Nxf5 exf5 13. Qh3 O-O-O 14. Bg5 Be7
15. e6 fxe6 16. Ne5 Qe8 17. Bxe7 Qxe7 18. Nc6 Qf6 19. Nxd8 Rxd8 20. c3 e5 21.
dxe5 Qxe5 22. Rfe1 Qg7 23. Rad1 Nc5 24. Qe3 Rd7 25. f3 Kb7 26. Rd4 Rd6 27. Qe7
Qxe7 28. Rxe7 Ne6 29. Rd2 h6 30. Kf2 Kc6 31. g3 a5 32. Re2 Nc5 33. Rg7 Kb7 34.
Ke1 Nd3+ 35. Kf1 Nc1 36. Rc2 Nd3 37. Rd2 Ne5 38. Kf2 g5 39. Re7 Nc4 40. Rde2 f4
41. gxf4 gxf4 42. Rf7 d4 43. cxd4 Rxd4 44. Rc2 Ka6 45. Rxc7 Ne3 46. Re2 Rd1 47.
Rxe3 fxe3+ 48. Kxe3 Re1+ 49. Kf2 Rh1 50. Kg2 Ra1 51. Rc2 Rxa2 52. f4 a4 53. Rf2
a3 54. bxa3 Rxa3 55. f5 Kb7 56. f6 Ra8 57. Kf3 Kc7 58. Ke4 Kd7 59. Kf5 Ke8 60.
Kg6 Kf8 61. Rc2 Ke8 62. Rc7 Kd8 63. Rb7 Ra2 64. Rb8+ Kc7 65. f7 Rg2+ 66. Kh7
Kxb8 67. f8=Q+ Ka7 68. Qa3+ Kb8 69. Qd6+ Ka7 70. Qd7+ Kb8 71. h4 Rc2 72. Kxh6
Rc7 73. Qe8+ Rc8 74. Qe5+ Kb7 75. Qe4+ Ka6 76. h5 b5 77. Kg6 1-0

[Event "Mundial Juvenil 2005 s16"]
[Site "Belfort FRA"]
[Date "2005.07.22"]
[Round "4.12"]
[White "Tomczak, Jacek"]
[Black "Tologontegin, Semetey"]
[Result "0-1"]
[WhiteElo "2329"]
[BlackElo "2254"]
[PlyCount "106"]
[EventDate "2005.07.19"]
[EventType "swiss"]
[EventRounds "11"]
[EventCountry "FRA"]
[Source "lmi"]
[SourceDate "2005.07.31"]

1. e4 c5 2. Nf3 d6 3. d4 cxd4 4. Nxd4 Nf6 5. f3 e5 6. Nb3 Be6 7. c4 a5 8. Be3
Be7 9. Be2 O-O 10. Nc3 a4 11. Nd2 Qa5 12. O-O Nc6 13. Nb5 Bd8 14. Nb1 Bb6 15.
Bf2 Rfd8 16. N1c3 Bc5 17. Kh1 Bxf2 18. Rxf2 Qb4 19. Rc1 Nh5 20. Bf1 Bxc4 21.
Bxc4 Qxc4 22. Rd2 Qc5 23. Rxd6 Nf4 24. Nd5 Qxb5 25. Ne7+ Kh8 26. Rcxc6 Ne6 27.
Rxd8+ Rxd8 28. Rc8 Rxc8 29. Nxc8 Qxb2 30. Nd6 Kg8 31. Nc4 Qc3 32. Nb6 a3 33. h3
g6 34. Nd5 Qb2 35. Qa4 Nf4 36. Nxf4 exf4 37. Qc4 b5 38. Qd5 Qc1+ 39. Kh2 Qc4
40. Qd8+ Kg7 41. e5 h5 42. Qd2 b4 43. Qd6 Kh7 44. Qd2 b3 45. axb3 Qxb3 46. Qxf4
a2 47. Qc1 Qb1 48. Qc7 Qf5 49. Qc3 Qf4+ 50. g3 Qa4 51. Qc7 Qb3 52. Qc1 Qb1 53.
Qc4 Qb2+ 0-1

[Event "Mundial Juvenil 2005 s16"]
[Site "Belfort FRA"]
[Date "2005.07.22"]
[Round "4.13"]
[White "Sanikidze, Tornike"]
[Black "Volodin, Aleksandr"]
[Result "1/2-1/2"]
[WhiteElo "2417"]
[BlackElo "2159"]
[PlyCount "78"]
[EventDate "2005.07.19"]
[EventType "swiss"]
[EventRounds "11"]
[EventCountry "FRA"]
[Source "lmi"]
[SourceDate "2005.07.31"]

1. d4 Nf6 2. Nf3 d5 3. c4 c6 4. Qc2 g6 5. e3 Bf5 6. Bd3 Bxd3 7. Qxd3 dxc4 8.
Qxc4 Bg7 9. Nc3 O-O 10. O-O Nd5 11. e4 Nxc3 12. bxc3 Nd7 13. Rb1 Qc7 14. Qb4
Nb6 15. a4 Rab8 16. g3 c5 17. Qb5 cxd4 18. cxd4 Qc2 19. Bf4 Rbc8 20. a5 Nc4 21.
Qxb7 Nxa5 22. Qa6 Nc4 23. Rfe1 Qd3 24. Rbc1 Ne5 25. Qxd3 Nxd3 26. Rxc8 Rxc8 27.
Ra1 Nxf4 28. gxf4 Rc7 29. Kg2 e6 30. e5 Bf8 31. Ra4 Rb7 32. Ng5 Bh6 33. Nh3 Bf8
34. Ng1 Rb4 35. Rxa7 Rxd4 36. Ne2 Rd2 37. Kf3 Rd3+ 38. Kg2 Rd2 39. Kf3 Rd3+
1/2-1/2

[Event "Mundial Juvenil 2005 s16"]
[Site "Belfort FRA"]
[Date "2005.07.22"]
[Round "4.14"]
[White "Skovgaard, Peter"]
[Black "Trofimov, Sergey P"]
[Result "0-1"]
[WhiteElo "2217"]
[BlackElo "2411"]
[PlyCount "62"]
[EventDate "2005.07.19"]
[EventType "swiss"]
[EventRounds "11"]
[EventCountry "FRA"]
[Source "lmi"]
[SourceDate "2005.07.31"]

1. e4 c5 2. Nf3 d6 3. d4 cxd4 4. Nxd4 Nf6 5. Nc3 e6 6. Be3 a6 7. f3 Be7 8. Qd2
O-O 9. g4 Nc6 10. O-O-O Qc7 11. h4 Nxd4 12. Bxd4 b5 13. g5 Nd7 14. h5 b4 15.
Na4 Qa5 16. b3 Bxg5 17. f4 Bh6 18. Rg1 Kh8 19. Be3 Bb7 20. Be2 Nc5 21. e5 Nxa4
22. bxa4 dxe5 23. f5 Bf4 24. f6 gxf6 25. Bxf4 exf4 26. Bb5 Qc7 27. Bd3 Qe5 28.
Qxb4 Qe3+ 29. Kb1 Rab8 30. Qe7 Be4+ 31. Bb5 Qc3 0-1

[Event "Mundial Juvenil 2005 s16"]
[Site "Belfort FRA"]
[Date "2005.07.22"]
[Round "4.17"]
[White "Enkin, Max"]
[Black "Krivoborodov, Egor"]
[Result "0-1"]
[WhiteElo "2211"]
[BlackElo "2390"]
[PlyCount "154"]
[EventDate "2005.07.19"]
[EventType "swiss"]
[EventRounds "11"]
[EventCountry "FRA"]
[Source "lmi"]
[SourceDate "2005.07.31"]

1. e4 c6 2. d4 d5 3. exd5 cxd5 4. c4 Nf6 5. Nc3 e6 6. Nf3 Bb4 7. cxd5 Nxd5 8.
Qc2 Nd7 9. Bd3 N7f6 10. O-O O-O 11. Ne5 h6 12. Ne4 Be7 13. a3 Bd7 14. Qe2 Rc8
15. Qf3 Bc6 16. Qg3 Nxe4 17. Bxe4 Bh4 18. Qd3 Qb6 19. Rd1 Ba4 20. Re1 Bc2 21.
Qe2 Bxe4 22. Qxe4 Qd8 23. Be3 Bf6 24. Ng4 Qb6 25. Rab1 Rfd8 26. Red1 Rc4 27. h3
Rdc8 28. Rd2 Rc1+ 29. Rxc1 Rxc1+ 30. Kh2 Qc7+ 31. g3 h5 32. Nxf6+ Nxf6 33. Qf3
Nd5 34. h4 Qc6 35. Rd3 Rb1 36. Rb3 Nxe3 37. Rxe3 Qxf3 38. Rxf3 Rxb2 39. Kg2 b5
40. Rc3 Ra2 41. Kf3 a6 42. Ke3 g6 43. f3 Kg7 44. Ke4 Re2+ 45. Kf4 Kf6 46. Rc6
a5 47. Rb6 Ra2 48. Rxb5 Rxa3 49. Rb7 a4 50. Ra7 Ra1 51. Ra6 Kg7 52. Ra5 a3 53.
d5 Kf6 54. d6 a2 55. d7 Ke7 56. Kg5 Kxd7 57. g4 Rf1 58. Rxa2 Rxf3 59. Ra7+ Ke8
60. gxh5 Rf5+ 61. Kh6 Rxh5+ 62. Kg7 Rxh4 63. Ra8+ Ke7 64. Ra7+ Kd6 65. Rxf7 Rg4
66. Rf1 e5 67. Rf8 e4 68. Re8 Kd5 69. Kf6 Kd4 70. Ra8 Kd3 71. Ra4 Rg1 72. Ke5
e3 73. Ra3+ Ke2 74. Kf4 g5+ 75. Ke4 Rg4+ 76. Kf5 Rg3 77. Ke4 Kf2 0-1

[Event "Mundial Juvenil 2005 s16"]
[Site "Belfort FRA"]
[Date "2005.07.22"]
[Round "4.19"]
[White "Spoelman, Wouter"]
[Black "L'Huillier, Thibaud"]
[Result "1/2-1/2"]
[WhiteElo "2365"]
[BlackElo "2168"]
[PlyCount "121"]
[EventDate "2005.07.19"]
[EventType "swiss"]
[EventRounds "11"]
[EventCountry "FRA"]
[Source "lmi"]
[SourceDate "2005.07.31"]

1. e4 c6 2. d4 d5 3. Nc3 dxe4 4. Nxe4 Bf5 5. Ng3 Bg6 6. h4 h6 7. Nf3 Nd7 8. Bd3
Bxd3 9. Qxd3 e6 10. Bf4 Qa5+ 11. Bd2 Qc7 12. O-O-O Ngf6 13. Kb1 O-O-O 14. Ne4
Nxe4 15. Qxe4 Kb8 16. c4 c5 17. Bc3 Nf6 18. Qe2 Bd6 19. dxc5 Qxc5 20. Ne5 Bxe5
21. Bxe5+ Ka8 22. f3 Rc8 23. b3 Rhd8 24. g4 Ne8 25. h5 Qb6 26. Bc3 f6 27. Rhe1
e5 28. Rxd8 Qxd8 29. Rd1 Qc7 30. Qd3 Kb8 31. Qd5 Qc6 32. Qf7 e4 33. f4 e3 34.
Qe7 Qf3 35. Rd8 Qc6 36. Rxc8+ Kxc8 37. Qxe3 b6 38. f5 Kd7 39. Bb4 Qh1+ 40. Kb2
Qg2+ 41. Qd2+ Qxd2+ 42. Bxd2 Nd6 43. Bb4 Ne4 44. Bf8 Nf2 45. g5 fxg5 46. Bxg7
g4 47. Bxh6 g3 48. Be3 Nd1+ 49. Ka3 Nxe3 50. h6 g2 51. h7 g1=Q 52. h8=Q Nxf5
53. Qa8 Qc5+ 54. b4 Qc7 55. Qd5+ Nd6 56. c5 bxc5 57. bxc5 Qa5+ 58. Kb3 Qb5+ 59.
Kc3 Qa5+ 60. Kb3 Qb5+ 61. Kc3 1/2-1/2

[Event "Mundial Juvenil 2005 s16"]
[Site "Belfort FRA"]
[Date "2005.07.22"]
[Round "4.20"]
[White "Aghayev, Nijat"]
[Black "Dasari, Sai Srivinas"]
[Result "1/2-1/2"]
[WhiteElo "2183"]
[BlackElo "2360"]
[PlyCount "58"]
[EventDate "2005.07.19"]
[EventType "swiss"]
[EventRounds "11"]
[EventCountry "FRA"]
[Source "lmi"]
[SourceDate "2005.07.31"]

1. Nf3 Nf6 2. c4 g6 3. b3 Bg7 4. Bb2 O-O 5. g3 d5 6. cxd5 Nxd5 7. Bxg7 Kxg7 8.
Bg2 c5 9. O-O Nc6 10. Qc1 Qd6 11. Nc3 Nxc3 12. Qxc3+ Kg8 13. Rac1 b6 14. d4
Nxd4 15. Nxd4 cxd4 16. Qc7 Rb8 17. Qxd6 exd6 18. Rfd1 Ba6 19. Rxd4 Bxe2 20.
Rxd6 Rbc8 21. Re1 Rc2 22. a4 Rfc8 23. h4 R8c7 24. Be4 Rb2 25. Bd3 Bxd3 26. Rxd3
Kg7 27. Kg2 a6 28. Ree3 Rc5 29. Rf3 Rc7 1/2-1/2

[Event "Mundial Juvenil 2005 s16"]
[Site "Belfort FRA"]
[Date "2005.07.23"]
[Round "5.5"]
[White "Tologontegin, Semetey"]
[Black "Warakomski, Tomasz"]
[Result "0-1"]
[WhiteElo "2254"]
[BlackElo "2375"]
[PlyCount "148"]
[EventDate "2005.07.19"]
[EventType "swiss"]
[EventRounds "11"]
[EventCountry "FRA"]
[Source "lmi"]
[SourceDate "2005.07.31"]

1. e4 e5 2. Nf3 Nc6 3. Bb5 a6 4. Ba4 Nf6 5. O-O Be7 6. Re1 b5 7. Bb3 d6 8. c3
O-O 9. h3 Nb8 10. d4 Nbd7 11. Nbd2 Bb7 12. Bc2 Re8 13. Nf1 Bf8 14. Ng3 g6 15.
a4 c5 16. b3 b4 17. dxe5 dxe5 18. c4 Bg7 19. Bb2 Qc7 20. Qe2 Nb8 21. Rad1 Nc6
22. Bc1 Re6 23. Qf1 Rae8 24. Ne2 h6 25. Bd3 Qe7 26. Bd2 a5 27. Bb1 Nd7 28. Nh2
Nd4 29. Nc1 f5 30. f3 f4 31. Qd3 Bf6 32. Ne2 Bh4 33. Rf1 h5 34. Be1 Bf6 35. g4
fxg3 36. Bxg3 Bg7 37. Rd2 Bh6 38. Nxd4 cxd4 39. Rg2 Nc5 40. Qd1 d3 41. Kh1 Rd8
42. Rfg1 Be3 43. Bf2 Bxf2 44. Rxf2 Qh4 45. Rfg2 Kh7 46. Rg3 Rf6 47. Nf1 Nxe4
48. fxe4 Bxe4+ 49. Kh2 Rf2+ 50. R1g2 Qf4 51. Kg1 Rf8 52. Bxd3 Bxd3 53. Qxd3
Rxf1+ 54. Kh2 e4 55. Qe3 Qxe3 56. Rxe3 R1f4 57. Rge2 Re8 58. c5 Rc8 59. Rc2 Rc6
60. Rc4 Kg7 61. Rexe4 Rxe4 62. Rxe4 Rxc5 63. Re6 h4 64. Rb6 Rc2+ 65. Kg1 Rc3
66. Kg2 Rg3+ 67. Kh2 Rxb3 68. Rb5 Rb2+ 69. Kg1 Ra2 70. Rxa5 b3 71. Ra7+ Kh6 72.
Rb7 b2 73. Kf2 b1=Q+ 74. Ke3 Qc1+ 0-1

[Event "Mundial Juvenil 2005 s16"]
[Site "Belfort FRA"]
[Date "2005.07.23"]
[Round "5.6"]
[White "Kalashian, David"]
[Black "Nguyen, Ngoc Truongson"]
[Result "1/2-1/2"]
[WhiteElo "2292"]
[BlackElo "2554"]
[PlyCount "79"]
[EventDate "2005.07.19"]
[EventType "swiss"]
[EventRounds "11"]
[EventCountry "FRA"]
[Source "lmi"]
[SourceDate "2005.07.31"]

1. d4 Nf6 2. c4 e6 3. Nf3 b6 4. g3 Bb7 5. Bg2 Be7 6. O-O O-O 7. Re1 d5 8. cxd5
exd5 9. Nc3 Nbd7 10. Bf4 c5 11. Rc1 Ne4 12. dxc5 Bxc5 13. Rf1 Nxc3 14. Rxc3 Re8
15. b4 Qf6 16. Qb3 Bd6 17. Bxd6 Qxd6 18. Nd4 Qe5 19. e3 Nf6 20. Rfc1 h5 21. f4
Qe7 22. h3 Rac8 23. Rxc8 Bxc8 24. Rc3 Bd7 25. Kh2 Qd6 26. a3 a5 27. b5 g5 28.
fxg5 Ne4 29. Bxe4 Rxe4 30. Qc2 h4 31. Qf2 Qe5 32. Kg2 Qxg5 33. g4 Qe5 34. Qxh4
Rxe3 35. Rxe3 Qxe3 36. Qf6 a4 37. Qxb6 Qd2+ 38. Kg3 Qe3+ 39. Kh4 Qe1+ 40. Kh5
1/2-1/2

[Event "Mundial Juvenil 2005 s16"]
[Site "Belfort FRA"]
[Date "2005.07.23"]
[Round "5.9"]
[White "Hayrapetian, Ovik"]
[Black "Michalik, Peter"]
[Result "0-1"]
[WhiteElo "2290"]
[BlackElo "2397"]
[PlyCount "88"]
[EventDate "2005.07.19"]
[EventType "swiss"]
[EventRounds "11"]
[EventCountry "FRA"]
[Source "lmi"]
[SourceDate "2005.07.31"]

1. d4 Nf6 2. c4 e6 3. Nc3 Bb4 4. Qc2 c5 5. dxc5 O-O 6. Nf3 Bxc5 7. e3 Nc6 8.
Be2 b6 9. O-O Bb7 10. a3 a5 11. b3 Qe7 12. Bb2 Ng4 13. h3 Nge5 14. Na4 Ng6 15.
Rfd1 Rfd8 16. Rd2 Rac8 17. Rad1 d6 18. Qc3 e5 19. Qc2 Na7 20. Nxc5 bxc5 21. Bc3
Nc6 22. Nh2 Qc7 23. Nf1 Nh4 24. Ng3 Nxg2 25. Nf5 g6 26. Nxd6 Rxd6 27. Rxd6 Nd4
28. exd4 cxd4 29. R6xd4 exd4 30. Rxd4 Ne3 31. Qd3 Re8 32. Rd7 Qc6 33. f3 Qc5
34. Rd4 Nf5 35. Kf1 Ng3+ 36. Ke1 Nxe2 37. Qxe2 Rxe2+ 38. Kxe2 Qe7+ 39. Kf2 f5
40. b4 Bc6 41. c5 axb4 42. axb4 Bb5 43. Bd2 Qe2+ 44. Kg1 Qf1+ 0-1

[Event "Mundial Juvenil 2005 s16"]
[Site "Belfort FRA"]
[Date "2005.07.23"]
[Round "5.11"]
[White "Krivoborodov, Egor"]
[Black "Toufighi, Homayoon"]
[Result "1/2-1/2"]
[WhiteElo "2390"]
[BlackElo "2170"]
[PlyCount "76"]
[EventDate "2005.07.19"]
[EventType "swiss"]
[EventRounds "11"]
[EventCountry "FRA"]
[Source "lmi"]
[SourceDate "2005.07.31"]

1. e4 e6 2. d4 d5 3. Nc3 Bb4 4. e5 c5 5. a3 Bxc3+ 6. bxc3 Ne7 7. Qg4 Qc7 8.
Qxg7 Rg8 9. Qxh7 cxd4 10. Ne2 Nbc6 11. f4 Bd7 12. Qd3 dxc3 13. Nxc3 a6 14. Rb1
Rc8 15. h4 Na7 16. Bd2 Nb5 17. Rb3 Nf5 18. Rh3 Bc6 19. Nxb5 Bxb5 20. Rxb5 axb5
21. Qxb5+ Kf8 22. Bb4+ Kg7 23. c3 d4 24. Qe2 dxc3 25. Bxc3 Qb6 26. Qe4 Kh6 27.
Bd2 Rgd8 28. Qb4 Qg1 29. h5 Rc2 30. Rd3 Rxd3 31. Qf8+ Kh7 32. Qxf7+ Ng7 33.
Qg6+ Kh8 34. Qxd3 Ra2 35. Qd8+ Kh7 36. Qd3+ Kh8 37. Qd8+ Kh7 38. Qd3+ Kh8
1/2-1/2

[Event "Mundial Juvenil 2005 s16"]
[Site "Belfort FRA"]
[Date "2005.07.23"]
[Round "5.12"]
[White "Wang, David"]
[Black "Vila Gazquez, Javier"]
[Result "0-1"]
[WhiteElo "2220"]
[BlackElo "2338"]
[PlyCount "112"]
[EventDate "2005.07.19"]
[EventType "swiss"]
[EventRounds "11"]
[EventCountry "FRA"]
[Source "lmi"]
[SourceDate "2005.07.31"]

1. e4 c5 2. Nf3 Nc6 3. d4 cxd4 4. Nxd4 Qc7 5. Nb5 Qb8 6. c4 Nf6 7. N5c3 e6 8.
Be2 Be7 9. Be3 b6 10. O-O O-O 11. f4 d6 12. a3 Rd8 13. b4 Bb7 14. Ra2 Rd7 15.
Rd2 Qd8 16. Qb3 Qf8 17. Rfd1 Rad8 18. Bf3 Ba8 19. g4 Kh8 20. h4 Ne8 21. Kg2 Nb8
22. Kg3 Rc8 23. Rh2 Rcd8 24. g5 f5 25. gxf6 Bxf6 26. Bg4 Nc7 27. Rhd2 Qe7 28.
h5 Qf7 29. Nb5 Nxb5 30. cxb5 Bxe4 31. Qxe6 d5 32. Qxf7 Rxf7 33. Bd4 Bxb1 34.
Rxb1 Nd7 35. Bxd7 Rfxd7 36. Rc1 Bxd4 37. Rxd4 Kg8 38. Rc6 Re8 39. Rd3 Re1 40.
Kg4 Kf7 41. Kf5 Rg1 42. Rc8 Re7 43. Rc6 g6+ 44. hxg6+ hxg6+ 45. Rxg6 Rxg6 46.
Rxd5 Rg3 47. Rd4 Rxa3 48. Kg4 Rae3 49. Kf5 Rc3 50. Kg5 Rec7 51. f5 R3c4 52. Rd6
Rxb4 53. Rh6 Kg8 54. Rd6 Rxb5 55. Kg6 Rg7+ 56. Kh6 Rxf5 0-1

[Event "Mundial Juvenil 2005 s16"]
[Site "Belfort FRA"]
[Date "2005.07.23"]
[Round "5.14"]
[White "Volodin, Aleksandr"]
[Black "Edouard, Romain"]
[Result "1/2-1/2"]
[WhiteElo "2159"]
[BlackElo "2334"]
[PlyCount "100"]
[EventDate "2005.07.19"]
[EventType "swiss"]
[EventRounds "11"]
[EventCountry "FRA"]
[Source "lmi"]
[SourceDate "2005.07.31"]

1. d4 Nf6 2. c4 g6 3. Nf3 Bg7 4. g3 d5 5. cxd5 Nxd5 6. Bg2 Nb6 7. O-O Nc6 8. e3
O-O 9. Nc3 Re8 10. d5 Na5 11. e4 c6 12. Be3 Bg4 13. Bd4 Bxf3 14. Bxf3 Bxd4 15.
Qxd4 cxd5 16. exd5 e5 17. Qb4 Nac4 18. Rfd1 Nd6 19. a4 a5 20. Qb3 Rc8 21. Rac1
Rc4 22. Be2 Rb4 23. Qc2 Qe7 24. Bb5 Rc8 25. Qe2 Nbc4 26. Rc2 Nb6 27. Rcc1 Rc7
28. Qe3 Nbc4 29. Bxc4 Rbxc4 30. Re1 f6 31. Qb6 Rb4 32. Qxa5 Rxb2 33. Ne4 b6 34.
Qa8+ Kg7 35. Qb8 Rd7 36. Nxd6 Qxd6 37. Qxd6 Rxd6 38. Rc7+ Kh6 39. Rd1 Rb4 40.
Rc6 Rxc6 41. dxc6 Rc4 42. Rd6 Rxa4 43. Rxf6 Rc4 44. c7 b5 45. Rb6 Rxc7 46. Rxb5
Re7 47. Kg2 Kg5 48. Kf3 Re6 49. h4+ Kf6 50. Rb7 h5 1/2-1/2

[Event "Mundial Juvenil 2005 s16"]
[Site "Belfort FRA"]
[Date "2005.07.23"]
[Round "5.16"]
[White "Nakhapetiane, Pogos"]
[Black "Fougerit, Valentin"]
[Result "1/2-1/2"]
[WhiteElo "2325"]
[BlackElo "2138"]
[PlyCount "72"]
[EventDate "2005.07.19"]
[EventType "swiss"]
[EventRounds "11"]
[EventCountry "FRA"]
[Source "lmi"]
[SourceDate "2005.07.31"]

1. e4 e5 2. Nf3 Nf6 3. Nxe5 d6 4. Nf3 Nxe4 5. d4 d5 6. Bd3 Nc6 7. O-O Be7 8.
Re1 Bg4 9. c3 f5 10. Nbd2 O-O 11. Qb3 Na5 12. Qc2 Bd6 13. h3 Bh5 14. b4 Bxf3
15. Nxf3 Nc4 16. a4 a6 17. Bxc4 dxc4 18. Nd2 Nxd2 19. Bxd2 Qd7 20. Qd1 Rae8 21.
Qf3 Rxe1+ 22. Bxe1 Re8 23. Qxb7 Qe6 24. g3 f4 25. g4 Qe2 26. Qd5+ Kh8 27. Kg2
Qb2 28. Rd1 Qc2 29. Qc6 f3+ 30. Qxf3 Rf8 31. Rd2 Qg6 32. Qc6 Re8 33. Kf1 h5 34.
b5 axb5 35. axb5 hxg4 36. hxg4 Qe6 1/2-1/2

[Event "Mundial Juvenil 2005 s16"]
[Site "Belfort FRA"]
[Date "2005.07.23"]
[Round "5.18"]
[White "Pachta, Paul"]
[Black "Spoelman, Wouter"]
[Result "1/2-1/2"]
[WhiteElo "2201"]
[BlackElo "2365"]
[PlyCount "73"]
[EventDate "2005.07.19"]
[EventType "swiss"]
[EventRounds "11"]
[EventCountry "FRA"]
[Source "lmi"]
[SourceDate "2005.07.31"]

1. d4 Nf6 2. Nf3 e6 3. c4 b6 4. g3 Ba6 5. Qa4 Bb7 6. Bg2 c5 7. dxc5 bxc5 8. O-O
Be7 9. Nc3 O-O 10. Bf4 Qb6 11. Rfd1 Rd8 12. Rd2 d6 13. Rad1 Na6 14. Qb5 Qc7 15.
Qa4 Qb6 16. Qb5 Ne8 17. e4 Qxb5 18. Nxb5 e5 19. Bg5 f6 20. Be3 Bxe4 21. Nh4
Bxg2 22. Kxg2 g6 23. f4 e4 24. g4 Nb4 25. Nc3 f5 26. Kh3 Nd3 27. gxf5 Bxh4 28.
Nxe4 gxf5 29. Ng3 Nxb2 30. Rxb2 Bxg3 31. Kxg3 Rd7 32. Rd5 Rf7 33. Kf3 Kg7 34.
Bf2 Rc8 35. Re2 Kf8 36. Bh4 Rc6 37. Bg5 1/2-1/2

[Event "Mundial Juvenil 2005 s16"]
[Site "Belfort FRA"]
[Date "2005.07.23"]
[Round "5.19"]
[White "L'Huillier, Thibaud"]
[Black "Sanikidze, Tornike"]
[Result "0-1"]
[WhiteElo "2168"]
[BlackElo "2417"]
[PlyCount "154"]
[EventDate "2005.07.19"]
[EventType "swiss"]
[EventRounds "11"]
[EventCountry "FRA"]
[Source "lmi"]
[SourceDate "2005.07.31"]

1. d4 Nf6 2. Nf3 e6 3. g3 b5 4. Bg2 Bb7 5. O-O c5 6. c3 d5 7. a4 b4 8. Ne5 Nbd7
9. c4 cxd4 10. Nxd7 Qxd7 11. Qxd4 Rc8 12. b3 Bc5 13. Qd1 d4 14. Nd2 Bxg2 15.
Kxg2 e5 16. Qc2 Qc6+ 17. f3 O-O 18. Ne4 Nxe4 19. Qxe4 Qd7 20. Ra2 Rce8 21. Rc2
Kh8 22. Qd3 f5 23. e4 g6 24. Re2 f4 25. gxf4 exf4 26. Kf2 Qh3 27. Ke1 h5 28.
Bb2 Kh7 29. Rff2 g5 30. Kd2 Kh6 31. Bc1 Re5 32. Kc2 Rd8 33. Rg2 Be7 34. Bd2 a5
35. Bc1 Bf6 36. Bd2 Re6 37. Bc1 Be5 38. Rgf2 Rf6 39. Bd2 Kg6 40. Rg2 Kh6 41.
Rgf2 Kh7 42. Rg2 g4 43. Rgf2 Rdf8 44. fxg4 Qxd3+ 45. Kxd3 hxg4 46. c5 Rc6 47.
Bxf4 Bxf4 48. Kxd4 Rd8+ 49. Kc4 Bd6 50. Rf5 Rdc8 51. Kd5 Bxc5 52. Rg2 Rd6+ 53.
Ke5 Rg6 54. Kf4 Bf8 55. Rxg4 Bh6+ 56. Kg3 Rc3+ 57. Kh4 Rxg4+ 58. Kxg4 Rxb3 59.
Rxa5 Ra3 60. Rb5 Rxa4 61. Kf5 Bf8 62. e5 Ra2 63. h4 Rf2+ 64. Ke6 Kg8 65. Kd7
Rf7+ 66. Kd8 Rf5 67. Kd7 Rh5 68. Kd8 Rh6 69. Kd7 Kf7 70. Rb8 Be7 71. Re8 Re6
72. Rh8 Rxe5 73. Rh7+ Kg6 74. Rh8 Kg7 75. Rb8 Bf8 76. Rb6 Kf7 77. Rc6 Rd5+ 0-1

[Event "Mundial Juvenil 2005 s16"]
[Site "Belfort FRA"]
[Date "2005.07.23"]
[Round "5.20"]
[White "Olszewski, Michal"]
[Black "Flores Rios, Mauricio"]
[Result "1-0"]
[WhiteElo "2399"]
[BlackElo "2222"]
[PlyCount "67"]
[EventDate "2005.07.19"]
[EventType "swiss"]
[EventRounds "11"]
[EventCountry "FRA"]
[Source "lmi"]
[SourceDate "2005.07.31"]

1. e4 c5 2. Nf3 e6 3. c3 Nf6 4. e5 Nd5 5. d4 cxd4 6. cxd4 d6 7. Bc4 Nc6 8. O-O
Be7 9. Qe2 O-O 10. a3 Qc7 11. Rd1 Rd8 12. b4 a6 13. h4 dxe5 14. dxe5 Nb6 15.
Bd3 Rxd3 16. Qxd3 Nd7 17. Bb2 Ndxe5 18. Nxe5 Nxe5 19. Qg3 f6 20. Bxe5 fxe5 21.
Nc3 Bd7 22. Rac1 Bc6 23. Qg4 Kf7 24. a4 Qb6 25. b5 axb5 26. axb5 Bxb5 27. Rb1
Ra5 28. Qh5+ Kf8 29. Qxe5 Bf6 30. Qb8+ Kf7 31. Rd7+ Kg6 32. Rxb7 Qc6 33. R7xb5
Qxc3 34. Qe8+ 1-0

[Event "Mundial Juvenil 2005 s16"]
[Site "Belfort FRA"]
[Date "2005.07.24"]
[Round "6.3"]
[White "Warakomski, Tomasz"]
[Black "Trofimov, Sergey P"]
[Result "1-0"]
[WhiteElo "2375"]
[BlackElo "2411"]
[PlyCount "77"]
[EventDate "2005.07.19"]
[EventType "swiss"]
[EventRounds "11"]
[EventCountry "FRA"]
[Source "lmi"]
[SourceDate "2005.07.31"]

1. e4 c5 2. Nf3 d6 3. d4 cxd4 4. Nxd4 Nf6 5. Nc3 e6 6. Bc4 Be7 7. Be3 Nc6 8.
Qe2 O-O 9. O-O-O Qc7 10. Bb3 a6 11. g4 Nxd4 12. Rxd4 b5 13. g5 Nd7 14. Rg1 Rb8
15. Rg3 Rd8 16. f4 Nc5 17. Qh5 g6 18. Qh6 Bf8 19. Qh4 Be7 20. Qh6 Bf8 21. Qh4
Be7 22. f5 b4 23. Ne2 Nxb3+ 24. axb3 e5 25. Rc4 Qa5 26. Kb1 h5 27. Rg1 d5 28.
fxg6 fxg6 29. Rc6 Kg7 30. Ng3 Bg4 31. h3 Bf3 32. Nf5+ gxf5 33. exf5 Rdc8 34.
Qg3 Rxc6 35. Qxe5+ Kf7 36. g6+ Ke8 37. Qxb8+ Kd7 38. g7 Be4 39. Rg2 1-0

[Event "Mundial Juvenil 2005 s16"]
[Site "Belfort FRA"]
[Date "2005.07.24"]
[Round "6.6"]
[White "Vila Gazquez, Javier"]
[Black "Huerga Leache, Mikel"]
[Result "1-0"]
[WhiteElo "2338"]
[BlackElo "2176"]
[PlyCount "119"]
[EventDate "2005.07.19"]
[EventType "swiss"]
[EventRounds "11"]
[EventCountry "FRA"]
[Source "lmi"]
[SourceDate "2005.07.31"]

1. e4 c5 2. Nf3 e6 3. Nc3 Nf6 4. e5 Nd5 5. Ne4 Qc7 6. c4 Nb4 7. b3 Be7 8. Bb2
O-O 9. d4 cxd4 10. Bxd4 f5 11. exf6 gxf6 12. a3 N4c6 13. Bb2 d6 14. Qd2 Nd7 15.
Qh6 Nde5 16. h4 Rf7 17. Rh3 Kh8 18. Nxe5 dxe5 19. Bd3 Qd8 20. b4 a5 21. b5 Nd4
22. Rd1 b6 23. c5 Bxc5 24. Nxc5 bxc5 25. a4 Bb7 26. Rg3 Qf8 27. Qxf8+ Rfxf8 28.
Rc1 Rac8 29. Kf1 Rg8 30. Rxg8+ Kxg8 31. Bc4 Bd5 32. Rc3 Bxc4+ 33. Rxc4 Kf7 34.
Ba3 Nb3 35. Ke2 Ke8 36. Kd3 Rd8+ 37. Kc2 Nd2 38. Rxc5 Ne4 39. Rc7 Rd7 40. Rc8+
Kf7 41. b6 Kg6 42. Bc1 Nd6 43. Rc7 Rxc7+ 44. bxc7 Kf7 45. Bd2 Ke8 46. Bxa5 Kd7
47. Bb6 Ne8 48. Kc3 Nxc7 49. Bxc7 Kxc7 50. a5 Kc6 51. Kc4 f5 52. g3 e4 53. Kd4
Kd6 54. a6 e5+ 55. Kc4 Kc6 56. a7 Kb7 57. Kd5 f4 58. Kxe4 fxg3 59. fxg3 Kxa7
60. Kxe5 1-0

[Event "Mundial Juvenil 2005 s16"]
[Site "Belfort FRA"]
[Date "2005.07.24"]
[Round "6.7"]
[White "Barnett, Alexander"]
[Black "Mingachev, Mansur"]
[Result "1/2-1/2"]
[WhiteElo "2193"]
[BlackElo "2337"]
[PlyCount "41"]
[EventDate "2005.07.19"]
[EventType "swiss"]
[EventRounds "11"]
[EventCountry "FRA"]
[Source "lmi"]
[SourceDate "2005.07.31"]

1. e4 e5 2. Nf3 Nf6 3. Nxe5 d6 4. Nf3 Nxe4 5. Nc3 Nxc3 6. dxc3 Be7 7. Be3 Nc6
8. Qd2 Bg4 9. Be2 Qd7 10. h3 Be6 11. O-O O-O 12. Bf4 Bf6 13. Rad1 Rae8 14. b3
Re7 15. Nd4 Nxd4 16. cxd4 Rfe8 17. Bf3 Bf5 18. Be3 Be4 19. Bg4 Bf5 20. Bf3 Be4
21. Bg4 1/2-1/2